1271 1235 1590 1913 1823 1399 1720 1452 1054 1043 1689 1305 1196 1046 1938 1494 1366 1070 1586 1545 1405 1368 1095 1307 1491 1321 1930 1921 1690 1874 1912 1837 1097 1233 1889 1090 1723 1420 1278 1969 1077 1949 1917 1133 1837 1232 1375 1026 1976 1154 1038 1159 1704 1580 1305 1751 1838 1390 1570 1359 1530 1155 1661 1376 1441 1500 1776 1242 1238 1461 1370 1927 1913 1962 1840 1889 1913 1274 1225 1209 1181 1147 1368 1436 1211 1149 1109 1790 1392 1504 1072 1602 1437 1558 1527 1329 1476 1666 1866 BCNSPRNW ULIB Ver.6.0+V

เปลี่ยนเป็นภาษาไทย

Change to English
 แสดงรายละเอียดบรรณานุกรม
  กลับหน้าหลัก

Brief Record : Get Marc (ISO 2709) : E-mail record : QR code < ปิดหน้าต่าง
LEADER : 00000nam 2200000uu 4500
001    13399114902
003     ULIB
008    120620s2554||||th 000 0 tha d
020    9789740328636
060  4 WT100^bป291ช
100 0  ประนอม โอทกานนท์
245 00 ชีวิตทีสุขสมบูรณ์ของผู้สูงอายุไทย/^cประนอม โอทกานนท์
250    พิมพ์ครั้งที่ 2
260    กรุงเทพฯ:^bสำนักพิมพ์แห่งจุฬาลงกรณ์มหาวิทยาลัย,^c2554
300    207 หน้า:^bตาราง,^c21 ซม
650  4 ผู้สูงอายุ
856    เกษร
945    ^p180^l0^i19093
945    ^p180^l0^i19094
945    ^p180^l0^i19095
945    ^p180^l0^i19096
945    ^p180^l0^i19097
999 ^a ใช้งานได้ทุกระบบ
รายการนี้ยังไม่มีแท็ก
คุณยังไม่ได้ล็อกอิน คุณสามารถมีกิจกรรมร่วมกับเว็บไซต์ได้ แต่ต้องล็อกอินก่อน ::
  ล็อกอิน

รายการสื่อสารสนเทศ

ลำดับที่ ประเภท เลขเรียก/บาร์โค้ด สถานที่ สถานะ
1. วิทยาศาสตร์การแพทย์ และสุขภาพ
วิทยาศาสตร์การแพทย์ และสุขภาพ
สถานะ=หนังสือเก่า
WT100 ป291ช ฉ.1 
  Barcode: 19093
ห้องสมุดวิทยาเขตนครสวรรค์
►ส่วนจัดเก็บหนังสือเก่า นว.
บนชั้น
  ขอยืม
2. วิทยาศาสตร์การแพทย์ และสุขภาพ
วิทยาศาสตร์การแพทย์ และสุขภาพ
สถานะ=หนังสือเก่า
WT100 ป291ช ฉ.2 
  Barcode: 19094
ห้องสมุดวิทยาเขตนครสวรรค์
►ส่วนจัดเก็บหนังสือเก่า นว.
บนชั้น
  ขอยืม
3. วิทยาศาสตร์การแพทย์ และสุขภาพ
วิทยาศาสตร์การแพทย์ และสุขภาพ
สถานะ=หนังสือเก่า
WT100 ป291ช ฉ.3 
  Barcode: 19095
ห้องสมุดวิทยาเขตนครสวรรค์
►ส่วนจัดเก็บหนังสือเก่า นว.
บนชั้น
  ขอยืม
4. วิทยาศาสตร์การแพทย์ และสุขภาพ
วิทยาศาสตร์การแพทย์ และสุขภาพ
สถานะ=หนังสือเก่า
WT100 ป291ช ฉ.4 
  Barcode: 19096
ห้องสมุดวิทยาเขตนครสวรรค์
►ส่วนจัดเก็บหนังสือเก่า นว.
บนชั้น
  ขอยืม
5. วิทยาศาสตร์การแพทย์ และสุขภาพ
วิทยาศาสตร์การแพทย์ และสุขภาพ
สถานะ=หนังสือเก่า
WT100 ป291ช ฉ.5 
  Barcode: 19097
ห้องสมุดวิทยาเขตนครสวรรค์
►ส่วนจัดเก็บหนังสือเก่า นว.
บนชั้น
  ขอยืม

รายการใกล้เคียง
    หัวเรื่อง [ผู้สูงอายุ]

BibComment


ยังไม่เคยถูกคอมเมนท์

คอมเมนท์ทรัพยากรรายการนี้
  คอมเมนท์: ชีวิตทีสุขสมบูรณ์..


 Copyright 2026. Bcnsprnw @Library